Fundamentos de circuitos eléctricos (Registro nro. 3097)
[ vista simple ]
| 000 -CABECERA | |
|---|---|
| campo de control de longitud fija | 00979aam a2200325 4500 |
| 005 - FECHA Y HORA DE ACTUALIZACIÓN | |
| campo de control | 20161012112520.0 |
| 008 - LONGITUD FIJA | |
| campo de control de longitud fija | 150625b xxu||||| |||| 00| 0 spa d |
| 020 ## - INTERNATIONAL STANDARD BOOK NUMBER | |
| Número Internacional Estándar del Libro | 9786071509482 |
| 041 ## - IDIOMA | |
| Código de idioma del texto/pista de sonido o título separado | |
| 082 ## - CLASIFICACIÓN DECIMAL DEWEY | |
| Número de clasificación | 621.381 5 A315f5 |
| 100 ## - AUTOR PERSONAL | |
| Nombre de persona | Alexander, Charles K |
| 100 ## - AUTOR PERSONAL | |
| Nombre de persona | Sadiku, Matthew N |
| 245 ## - TÍTULO PROPIAMENTE DICHO | |
| Título | Fundamentos de circuitos eléctricos |
| 250 ## - EDICIÓN | |
| Mención de edición | 5 edición |
| 260 ## - PIE DE IMPRENTA | |
| Lugar de publicación, distribución, etc. | México |
| Nombre del editor, distribuidor, etc. | McGraw-Hill |
| Fecha de publicación, distribución, etc. | 2013 |
| 300 ## - DESCRIPCIÓN FÍSICA | |
| Extensión | 786 páginas |
| 650 ## - Materia General | |
| Materia general | ELECTRÓNICA |
| 650 ## - Materia General | |
| Materia general | CIRCUITOS ELECTRICOS |
| 650 ## - Materia General | |
| Materia general | AMPLIFICADORES OPERACIONALES |
| 650 ## - Materia General | |
| Materia general | CAPACITORES |
| 650 ## - Materia General | |
| Materia general | INDUCTORES |
| 650 ## - Materia General | |
| Materia general | ANÁLISIS SENOIDAL |
| 650 ## - Materia General | |
| Materia general | CIRCUITOS TRIFÁSICOS |
| 650 ## - Materia General | |
| Materia general | CIRCUITOS MAGNETICAMENTE ACOPLADOS |
| 650 ## - Materia General | |
| Materia general | RESPUESTAS EN FRECUENCIA |
| 650 ## - Materia General | |
| Materia general | TRANSFORMADA DE LA PLACE |
| 650 ## - Materia General | |
| Materia general | TRANSFORMADA DE FOURIER |
| 650 ## - Materia General | |
| Materia general | REDES |
| 942 ## - Punto de Acceso Adicional Koha | |
| Tipo de ítem Koha | Libro |
| Estado perdido | Estado dañado | No para préstamo | Biblioteca permanente | Biblioteca actual | Signatura completa | Código de barras | Precio efectivo a partir del | Tipo de ítem |
|---|---|---|---|---|---|---|---|---|
| Departamento de Biblioteca y Documentación Alfonso Chase Brenes | Departamento de Biblioteca y Documentación Alfonso Chase Brenes | 621.381.5 A315f5 | 17875 | 22/01/2016 | Libro | |||
| Departamento de Biblioteca y Documentación Alfonso Chase Brenes | Departamento de Biblioteca y Documentación Alfonso Chase Brenes | 621.381.5 A315f5 | 17876 | 22/01/2016 | Libro | |||
| Departamento de Biblioteca y Documentación Alfonso Chase Brenes | Departamento de Biblioteca y Documentación Alfonso Chase Brenes | 621.381.5 A315f5 | 19867 | 22/01/2016 | Libro | |||
| Departamento de Biblioteca y Documentación Alfonso Chase Brenes | Departamento de Biblioteca y Documentación Alfonso Chase Brenes | 621.381.5 A315f5 | 20694 | 04/03/2016 | Libro | |||
| Departamento de Biblioteca y Documentación Alfonso Chase Brenes | Departamento de Biblioteca y Documentación Alfonso Chase Brenes | 621.381.5 A315f5 | 20695 | 04/03/2016 | Libro | |||
| Departamento de Biblioteca y Documentación Alfonso Chase Brenes | Departamento de Biblioteca y Documentación Alfonso Chase Brenes | 621.381.5 A315f5 | 20696 | 04/03/2016 | Libro |